Vernalization and photoperiodism, (Registro nro. 17973)

Detalles MARC
000 -CABECERA
Campo de control 00890cam a22002417 4500
005 - FECHA Y HORA DE LA ULTIMA TRANSACCION
Campo de control 20160115091942.0
008 - ELEMENTOS DE LONGITUD FIJA—INFORMACION GENERAL
Campo de control 020418s1948 mauac b 101 0 eng
040 ## - FUENTE DE CATALOGACIÓN
Agencia catalogadora original DLC
Agencia transcriptora DLC
Agencia Modificadora CO-BoIAVH
041 ## - IDIOMA
Código de idioma para texto/pista de sonido o título separado Inglés
044 ## - PAÍS DE PUBLICACIÓN
País de publicación Estados Unidos
082 14 - NUMERO DE CLASIFICACION DECIMAL DEWEY
Número de clasificación 571.787
Número del ítem M97v
100 1# - ASIENTO PRINCIPAL--NOMBRE PERSONAL
Nombre personal Murneek, A.
9 (RLIN) 51449
245 00 - MENCION DE TITULO
Título Vernalization and photoperiodism,
Parte restante del título a symposium
Mención de responsabilidad A.E. Murneek [y otros]; prólogo de Kenneth V. Thimann.
260 ## - PUBLICACION, DISTRIBUCION, ETC. (PIE DE IMPRENTA)
Lugar de publicación, distribución, etc. Waltham, Massachusetts.,
Nombre del editor, distribuidor, etc. Chronica Botanica Company.,
Fecha de publicación, distribución, etc. 1948.
300 ## - DESCRIPCION FISICA
Extensión viii, 196 páginas
Otros detalles físicos ilustraciones,
Dimensiones 27 centímetros.
504 ## - NOTA DE BIBLIOGRAFIA, ETC.
Nota de bibliografía Incluye referencias bibliográficas e índices.
650 #0 - ASIENTO SECUNDARIO DE MATERIA - TERMINO TEMATICO
Término temático o nombre geográfico como elemento de entrada Vernalization
Subdivisión de forma Congresses.
9 (RLIN) 51450
650 #0 - ASIENTO SECUNDARIO DE MATERIA - TERMINO TEMATICO
Término temático o nombre geográfico como elemento de entrada Vernalización
9 (RLIN) 51451
650 #0 - ASIENTO SECUNDARIO DE MATERIA - TERMINO TEMATICO
Término temático o nombre geográfico como elemento de entrada Photoperiodism
Subdivisión de forma Congresses.
9 (RLIN) 51452
650 #0 - ASIENTO SECUNDARIO DE MATERIA - TERMINO TEMATICO
Término temático o nombre geográfico como elemento de entrada Fotoperiodismo
9 (RLIN) 51453
700 1# - ASIENTO SECUNDARIO - NOMBRE PERSONAL
Nombre personal Murneek, Andrew Edward,
Fechas asociadas con el nombre 1888- [del catálogo de edad]
9 (RLIN) 51454
942 ## - ELEMENTOS ADICIONALES (KOHA)
Sistema de clasificación Dewey Decimal Classification
Tipo de ítem Libro
Existencias
Withdrawn status Lost status Sistema de Clasificación Damaged status No para préstamo Colección Inventariado Ubicación Permanente Ubicación actual Fecha de adquisición Fuente de Valor Total Checkouts Número topográfico Inventario / Código de Barras Date last seen Ejemplar Price effective from Forma de adquisición Tipo de material
    Dewey Decimal Classification     Fondo Ramiro Osorio Osma Inventariado 2017 Bogotá Bogotá 15/01/2016 Amazon   FRO-571.787 M97v 039529 15/01/2016 Ej. 1 15/01/2016   Libro